Image Guided Blended near Neighbor Interpolation and Its Applications in OIL Exploration / (Record no. 212170)

000 -LEADER
fixed length control field 00834 a2200193 4500
003 - CONTROL NUMBER IDENTIFIER
control field NUST
005 - DATE AND TIME OF LATEST TRANSACTION
control field 20251218132655.0
040 ## - CATALOGING SOURCE
Transcribing agency Nust
082 ## - DEWEY DECIMAL CLASSIFICATION NUMBER
Classification number 621.382,ABB
100 ## - MAIN ENTRY--PERSONAL NAME
Personal name Abbasi, Hameer (TCC-22)
9 (RLIN) 132435
245 ## - TITLE STATEMENT
Title Image Guided Blended near Neighbor Interpolation and Its Applications in OIL Exploration /
Statement of responsibility, etc. Hameer Abbasi, Aabgeenay Khan, Rida Maamoor and Imran Azeem TCC-22
260 ## - PUBLICATION, DISTRIBUTION, ETC.
Place of publication, distribution, etc. Rawalpindi
Name of publisher, distributor, etc. MCS (NUST)
Date of publication, distribution, etc. June 2014
300 ## - PHYSICAL DESCRIPTION
Extent 47 p.;
505 ## - FORMATTED CONTENTS NOTE
Formatted contents note Introduction (Page-1), Literature Review (Page-7), Project Modules (Page-21), Design and Development (Page-26), analysis and Evaluation (Page-37), Future Enhancements and Conclusion (Page-45), Bibliography (Page-46).
650 ## - SUBJECT ADDED ENTRY--TOPICAL TERM
Topical term or geographic name entry element UG Project
9 (RLIN) 131132
651 ## - SUBJECT ADDED ENTRY--GEOGRAPHIC NAME
Geographic name TCC-22
9 (RLIN) 131223
700 ## - ADDED ENTRY--PERSONAL NAME
Personal name Supervised by Brig (R) Khan Minhas
9 (RLIN) 132436
942 ## - ADDED ENTRY ELEMENTS (KOHA)
Source of classification or shelving scheme
Koha item type Project Report
Holdings
Withdrawn status Lost status Source of classification or shelving scheme Damaged status Not for loan Permanent Location Current Location Shelving location Date acquired Full call number Barcode Date last seen Price effective from Koha item type Public note
          Military College of Signals (MCS) Military College of Signals (MCS) Reference 12/12/2016 621.382,ABB MCSPTC-234 12/08/2016 12/12/2016 Project Report Almirah No. 94, Shelf No. 4
© 2023 Central Library, National University of Sciences and Technology. All Rights Reserved.